000
00341nam a2200145Ia 4500
008
191201s2001 xx 000 0 und d
082
_a
658.049
_b
MAI
100
_a
TRIGG, Mahoney
245
0
_a
International Business: A Managerial Perspective
250
_a
2nd
260
_b
PHI
_c
2001
300
_a
897
650
_a
MBA
942
_2
ddc
_c
BK
999
_c
4211
_d
4211